000
00288nam a22001337a 4500
008
181023b xxu||||| |||| 00| 0 eng d
020
_a
9780078021371
041
_a
eng
080
_2
10 ED
_a
612.39
100
_a
9
101
_a
NUT
245
_a
Nutrition
_c
SMITH.a.m
942
_2
udc
_c
BK
999
_c
50595
_d
50595